Momentos mágicos o una guía para viajar en el tiempo.

Guardat en:
Dades bibliogràfiques
Autor principal: Anwandter, Paul (autor)
Format: Llibre
Idioma:espanyol
Publicat: Santiago, Chile: Ril Editores, 2006.
Edició:1a. edición.
Matèries:
Etiquetes: Afegir etiqueta
Sense etiquetes, Sigues el primer a etiquetar aquest registre!

MARC

LEADER 00000cam a2200000 a 4500
001 UCF8648
003 CL-VaPUC
005 20240823102827.0
008 130930t20061000cl |||||||||||||||||spa|d
999 |c 353215  |d 353213 
020 |a 978956284515X 
040 |c Pontificia Universidad Católica de Valparaíso 
082 0 7 |a Ch863 ANW 2006  |2 22 
100 |a Anwandter, Paul  |e autor  |9 532371 
245 1 0 |a Momentos mágicos o una guía para viajar en el tiempo. 
250 |a 1a. edición. 
260 |a Santiago, Chile:  |b Ril Editores,  |c 2006. 
300 |a 274 páginas. 
500 |a c.2 donación memo de Biblioteca de Educación 14 de agosto de 2024. 
583 |a last modification  |c 20130930 13:19:00  |k Rodrigo Vera 
650 0 |a Cuentos chilenos   |9 308280 
650 0 |a Literatura chilena   |9 308278 
942 |c BK  |2 ddc 
945 |d 20130930 13:19:00  |a dcastane 
952 |0 0  |1 0  |3 erb  |4 0  |6 CH_863_000000000000000_ANW_2006  |7 0  |8 A  |9 458297  |a BIBCUR  |b BIBCUR  |d 2019-11-23  |i 5011604  |l 2  |o Ch863 ANW 2006  |p 5011604  |r 2025-04-22  |s 2024-10-21  |w 2019-11-23  |y BK  |z Catalogado en:20130930  |k PER 
952 |0 0  |1 0  |2 ddc  |4 0  |6 CH_863_000000000000000_ANW_2006  |7 0  |8 A  |9 596354  |a BIBEDU  |b BIBEDU  |d 2024-08-22  |e Donación  |i 5662461  |o Ch863 ANW 2006  |p 5662461  |r 2024-08-22  |t 2  |w 2024-08-22  |y BK  |k PSI